Globálne trendy 2030

Globálne trendy 2030 z pohľadu analytikov spravodajskej komunity USA. Západný pohľad na svet ako jediný prijateľný. Atlantizmus ako bezalternatívnosť západnej liberálnej demokracie. Štyri megatrendy. Scenáre vývoja. Nevyhnutnosť multipolarity a nástojčivé otázky.

Salvato in:
Dettagli Bibliografici
Autore principale: Škvrnda, František
Natura: Capitolo di libro
Lingua:slovacco
Soggetti:
Tags: Aggiungi Tag
Nessun Tag, puoi essere il primo ad aggiungerne!!

MARC

LEADER 00000nla a2200000 4500
001 0164934
005 20240502072858.6
041 0 |a slo 
044 |a SK 
245 1 0 |a Globálne trendy 2030  |c František Škvrnda 
520 |a Globálne trendy 2030 z pohľadu analytikov spravodajskej komunity USA. Západný pohľad na svet ako jediný prijateľný. Atlantizmus ako bezalternatívnosť západnej liberálnej demokracie. Štyri megatrendy. Scenáre vývoja. Nevyhnutnosť multipolarity a nástojčivé otázky. 
610 2 0 |a politika medzinárodná 
610 2 0 |a politika zahraničná 
610 2 0 |a globalizácia 
610 2 0 |a vývoj 
610 2 0 |a moc politická 
610 2 0 |a USA 
100 1 |a Škvrnda, František